ENGINEERING HYDROLOGY (Record no. 217022)
[ view plain ]
| 000 -LEADER | |
|---|---|
| fixed length control field | 00570nam a22001697a 4500 |
| 008 - FIXED-LENGTH DATA ELEMENTS--GENERAL INFORMATION | |
| fixed length control field | 260420b |||||||| |||| 00| 0 eng d |
| 020 ## - INTERNATIONAL STANDARD BOOK NUMBER | |
| International Standard Book Number | 978-81-203-5243-8 |
| 050 ## - LIBRARY OF CONGRESS CALL NUMBER | |
| Classification number | GB 66 .G 69 2016 |
| 100 ## - MAIN ENTRY--PERSONAL NAME | |
| Personal name | GOYAL, MANISH KUMAR |
| 245 ## - TITLE STATEMENT | |
| Title | ENGINEERING HYDROLOGY |
| 260 ## - PUBLICATION, DISTRIBUTION, ETC. | |
| Place of publication, distribution, etc. | DELHI, |
| Name of publisher, distributor, etc. | PHI LEARNING PRIVATE LIMITED, |
| Date of publication, distribution, etc. | 2016, |
| 300 ## - PHYSICAL DESCRIPTION | |
| Extent | XV, 335 P, ILL |
| 500 ## - GENERAL NOTE | |
| General note | INCLUDES INDEX |
| 650 ## - SUBJECT ADDED ENTRY | |
| Topical term or geographic name entry element | 1. Hydrology-Textbooks 2. Engineering hydrology-Textbooks 3. Groundwater-Textbooks 4. Water resources development-Textbooks |
| 942 ## - ADDED ENTRY ELEMENTS (KOHA) | |
| Source of classification or shelving scheme | Library of Congress Classification |
| Koha item type | Long Loan Book |
| Withdrawn status | Lost status | Source of classification or shelving scheme | Damaged status | Not for loan | Collection | Home library | Current library | Shelving location | Date acquired | Inventory number | Total checkouts | Full call number | Barcode | Date last seen | Copy number | Price effective from | Koha item type |
|---|---|---|---|---|---|---|---|---|---|---|---|---|---|---|---|---|---|
| Library of Congress Classification | Arts & Social Sciences | Kisii University Library | Kisii University Library | On Display | 04/20/2026 | 113084 | GB 661 .G 69 2016 | A001774 | 04/20/2026 | 1 | 04/20/2026 | Long Loan Book | |||||
| Library of Congress Classification | Arts & Social Sciences | Kisii University Library | Kisii University Library | On Display | 04/20/2026 | 113085 | GB 661 .G 69 2016 | A001773 | 04/20/2026 | 2 | 04/20/2026 | Long Loan Book | |||||
| Library of Congress Classification | Arts & Social Sciences | Kisii University Library | Kisii University Library | On Display | 04/20/2026 | 113086 | GB 661 .G 69 2016 | A001777 | 04/20/2026 | 3 | 04/20/2026 | Long Loan Book | |||||
| Library of Congress Classification | Arts & Social Sciences | Kisii University Library | Kisii University Library | On Display | 04/20/2026 | 113087 | GB 661 .G 69 2016 | A001775 | 04/20/2026 | 4 | 04/20/2026 | Long Loan Book |